000 01062nam a2200289 a 4500
001 000022030
005 20200930011542.0
008 100916s2003 cu ac 001 0bspa d
020 _a9789591013590
040 _aDO-SdBNP
_bspa
_cBNPHU
082 _a782.0092
_bM637d, 2003
100 1 _aDíaz, Clara,
_d1956-
_945674
245 1 0 _aPablo Milanés /
_cClara Díaz.
250 _a2ª ed.
260 _aLa Habana :
_bLetras Cubanas,
_c2003.
300 _a[121 p.] :
_bil., retrs. ;
_c20 cm.
500 _aIncluye datos biográficos del autor en la contraportada.
500 _aIncluye bibliografía y notas al pie de páginas.
505 0 _tHombre que vas creciendo --
_tFuentes consultadas --
_tAlgunas opiniones --
_tSus canciones --
_tTestimonio gráfico.
650 4 _aMilanés, pablo,
_d1943-,
_xCanciones y música
_945675
650 4 _aCantantes cubanos
_945676
650 4 _aArtistas cubanos
_xBiografías
_942686
650 4 _aMúsica cubana
_96311
650 4 _aCanciones cubanas
_945416
910 _aValidado. Control de calidad EMS
049 _aBNPD
999 _c21528
_d21528